| 000 | 00882cam a22002655a 4500 | ||
|---|---|---|---|
| 001 | 016489655 | ||
| 003 | OSt | ||
| 005 | 20150804113212.0 | ||
| 008 | 130731t2014 paua fr 000 0 eng d | ||
| 020 | _a9781455737482 (pbk.) | ||
| 040 |
_aStDuBDS _beng _cStDuBDS _dEG-ScBUE |
||
| 082 | 0 | 4 |
_a618.20231 _bMUR _222 |
| 100 | 1 |
_aMurray, Sharon Smith. _938074 |
|
| 245 | 1 | 0 |
_aStudy guide for foundations of maternal-newborn and women's health nursing / _cby Sharon Smith Murray, Emily Slone McKinney. |
| 250 | _a6th ed. | ||
| 260 |
_a[Philadelphia] : _bSaunders / Elsevier, _cc.2014. |
||
| 300 |
_aV, 280 p. : _bill. ; _c28 cm. |
||
| 650 | 7 |
_aMaternity nursing. _2BUEsh _912162 |
|
| 650 | 0 |
_aWomen _xHealth and hygiene. _2BUEsh _95261 |
|
| 651 | _2BUEsh | ||
| 653 |
_bNNUR _cAugust2015 |
||
| 655 |
_vreading book _934232 |
||
| 700 | 1 | _aMcKinney, Emily Slone, | |
| 942 |
_2ddc _k618.20231 MUR |
||
| 999 |
_c20424 _d20396 |
||